000 01207nam2a22002531 4500
001 RU\NLR\INFOCOMM6\1000373036
005 20250617052720.0
035 _a(NLR Aleph) 002484391
090 _a2452425
_c2452425
100 _a20031224d1972 |||y0rusy50 ca
101 0 _arus
102 _aRU
105 _ay |||||||||
200 1 _aСистема обслуживающих программ ДИСТ
210 _d1972
_aБ. м.
225 1 _aII. Служебные программы С8205
_vI
461 0 _1001RU\NLR\INFOCOMM6\1000373031
_12001#$aБиблиотека программ Целлатрон С8205/С8205М$fЦСУ СССР. Всесоюз. гос. проектно-технол. ин-т по механизации учета и вычислит. работ$vВып.6
_92452381
_cМ.
_d1972-
_fЦСУ СССР. Всесоюз. гос. проектно-технол. ин-т по механизации учета и вычислит. работ
_tБиблиотека программ Целлатрон С8205/С8205М
_vВып.6
801 1 _aRU
_bInfoComm
_c20031224
801 0 _aRU
_bNLR
_gPSBO
852 _aNLR
_jП11/3073
942 _cISSUE
980 _aNB
980 _aRUSPER